[Event "XXIV Festival Conca della Presolana A"]
[Site "Bratto - Castione della Presolana ITA"]
[Date "2004.08.28"]
[Round "9"]
[White "Mantovani, Renzo"]
[Black "Antognini, Francesco"]
[Result "1-0"]
[WhiteElo "2382"]
[BlackElo "2193"]
[PlyCount "113"]
[EventDate "2004.08.20"]

1.e4 e6 2.d4 d5 3.Nc3 Bb4 4.e5 c5 5.Qg4 Ne7 6.Nf3 Nbc6 7.Bb5 Bxc3+ 8.bxc3 
Qa5 9.Bxc6+ bxc6 10.O-O Ba6 11.Re1 Qxc3 12.Bd2 Qxc2 13.Qxg7 Rg8 14.Rac1 
Rxg7 15.Rxc2 cxd4 16.Nxd4 Rg4 17.Nxc6 Rc8 18.Rec1 Rc4 19.Rxc4 dxc4 20.Nxe7
Kxe7 21.Bb4+ Ke8 22.Rc3 Bb7 23.f3 Bd5 24.Bd6 Rc6 25.Kf2 Ra6 26.Ba3 f5 27.
g4 Kf7 28.Ke3 Rb6 29.Kf4 fxg4 30.fxg4 Rb1 31.Kg5 Kg7 32.Bc1 Ra1 33.Rc2 Rb1
34.Kh5 Rb8 35.Rc3 Rc8 36.Bh6+ Kf7 37.Be3 Rc7 38.Kh6 Be4 39.Ra3 c3 40.Ra4 
Bb7 41.Rxa7 c2 42.a4 Kg8 43.Bc1 Rd7 44.a5 Rd1 45.Rxb7 Rxc1 46.Rc7 Ra1 47.
Rxc2 Rxa5 48.Rc8+ Kf7 49.Rc7+ Kg8 50.Rg7+ Kf8 51.h4 Rxe5 52.Kxh7 Ra5 53.
Rg5 e5 54.Rf5+ Ke8 55.h5 Ra7+ 56.Kg6 e4 57.h6 1-0

[Event "XXIV Festival Conca della Presolana A"]
[Site "Bratto - Castione della Presolana ITA"]
[Date "2004.08.28"]
[Round "9"]
[White "Manzoni, Alessandro"]
[Black "Bentivegna, Francesco"]
[Result "1-0"]
[WhiteElo "2070"]
[BlackElo "2250"]
[PlyCount "69"]
[EventDate "2004.08.20"]

1.e4 e5 2.Nc3 Nf6 3.g3 Nc6 4.Bg2 Bc5 5.Nge2 a6 6.O-O d6 7.h3 h5 8.d3 h4 9.
Bg5 hxg3 10.Nxg3 Bxh3 11.Bxh3 Rxh3 12.Kg2 Qd7 13.Nf5 Rh7 14.Bxf6 gxf6 15.
Nd5 O-O-O 16.Nxf6 Qe6 17.Nxh7 Qg6+ 18.Ng3 Rg8 19.Qd2 Qxh7 20.Rh1 Qg7 21.
Qh6 Nd4 22.Qxg7 Rxg7 23.c3 Ne2 24.Rad1 Kd7 25.Kf3 Nxg3 26.fxg3 Ke7 27.Rh5 
Bb6 28.Rdh1 c6 29.Rh7 Rxh7 30.Rxh7 d5 31.Rh8 Bc7 32.Kg4 b6 33.Kf5 a5 34.
Rc8 Kd7 35.Rxc7+ 1-0

[Event "XXIV Festival Conca della Presolana A"]
[Site "Bratto - Castione della Presolana ITA"]
[Date "2004.08.28"]
[Round "9"]
[White "Marinelli, Gian Marco"]
[Black "Boccalatte, Piero"]
[Result "0-1"]
[WhiteElo "2018"]
[BlackElo "2002"]
[PlyCount "78"]
[EventDate "2004.08.20"]

1.e4 c6 2.d4 d5 3.Nc3 dxe4 4.Nxe4 Nd7 5.Nf3 Ngf6 6.Ng3 e6 7.Bd3 c5 8.c3 
cxd4 9.cxd4 Bb4+ 10.Bd2 Qa5 11.O-O Bxd2 12.Nxd2 O-O 13.Re1 Rd8 14.Qc2 Nb6 
15.Nb3 Qa4 16.Ne4 Nbd5 17.Nec5 Qe8 18.a3 b6 19.Ne4 Bb7 20.Qd2 Qe7 21.Rac1 
Rac8 22.f3 h6 23.Qf2 Nf4 24.Bb1 Ba6 25.Qd2 N4d5 26.Nc3 Bc4 27.Na1 Rc7 28.
Nc2 Rcd7 29.Rcd1 Bb3 30.Ne2 Rc8 31.Rc1 Qd8 32.Ne3 Nxe3 33.Qxe3 Bc4 34.Qc3 
Ba6 35.Qd2 Rxc1 36.Rxc1 Bxe2 37.Qxe2 Rxd4 38.Bc2 Rd2 39.Qe3 Rxc2 0-1

[Event "XXIV Festival Conca della Presolana A"]
[Site "Bratto - Castione della Presolana ITA"]
[Date "2004.08.28"]
[Round "9"]
[White "Marzano, Carlo"]
[Black "Pizzuto, Samuele Tullio"]
[Result "0-1"]
[WhiteElo "2244"]
[BlackElo "2137"]
[PlyCount "104"]
[EventDate "2004.08.20"]

1.d4 d5 2.Nf3 Nc6 3.Bf4 Bg4 4.e3 e6 5.Be2 Bd6 6.Nbd2 Nge7 7.O-O O-O 8.Rc1 
Ng6 9.Bxd6 cxd6 10.c4 dxc4 11.Rxc4 Qe7 12.h3 Bxf3 13.Bxf3 d5 14.Rc3 f5 15.
g3 Qg5 16.Kh2 Rf7 17.Nb3 Qe7 18.a3 Raf8 19.Bg2 Qd6 20.Nc5 b6 21.Nb3 Nce7 
22.Qd3 h5 23.f4 h4 24.Rf3 Qd7 25.g4 Nc8 26.g5 Nd6 27.Rf1 Ne4 28.Bxe4 fxe4 
29.Qe2 Ne7 30.Qh5 g6 31.Qxh4 Nf5 32.Qf2 Rh7 33.Rh1 Nh4 34.Qg3 Nf5 35.Qf2 
Nh4 36.Kg1 a5 37.Qe2 a4 38.Nd2 Nf5 39.Nf1 Nh4 40.Nh2 e5 41.dxe5 Qxh3 42.
Qg4 Nf3+ 43.Kf2 Qxg4 44.Nxg4 Rxh1 45.Nf6+ Kf7 46.Rc6 Rfh8 47.e6+ Kf8 48.
Ng4 R8h4 49.f5 Rxg4 50.Rc8+ Ke7 51.Rc7+ Kd6 52.Rd7+ Kc6 0-1

[Event "XXIV Festival Conca della Presolana A"]
[Site "Bratto - Castione della Presolana ITA"]
[Date "2004.08.28"]
[Round "9"]
[White "Mione, Dario"]
[Black "Mazzariol, Oscar"]
[Result "1/2-1/2"]
[WhiteElo "2256"]
[BlackElo "2073"]
[PlyCount "41"]
[EventDate "2004.08.20"]

1.d4 Nf6 2.Nf3 e6 3.g3 c5 4.c4 cxd4 5.Nxd4 Nc6 6.Bg2 a6 7.O-O Qc7 8.e4 d6 
9.Nc3 Bd7 10.h3 Na5 11.b3 Rc8 12.Bb2 Be7 13.Rc1 Qb8 14.Qd2 b6 15.Rfe1 O-O 
16.Kh2 Rc7 17.f4 Rfc8 18.e5 Ne8 19.Ne4 Nc6 20.Nxc6 Bxc6 21.exd6 1/2-1/2

[Event "XXIV Festival Conca della Presolana A"]
[Site "Bratto - Castione della Presolana ITA"]
[Date "2004.08.28"]
[Round "9"]
[White "Molteni, Costantino"]
[Black "Delfino, Luigi"]
[Result "0-1"]
[WhiteElo "2010"]
[BlackElo "2084"]
[PlyCount "128"]
[EventDate "2004.08.20"]

1.Nf3 Nf6 2.c4 g6 3.b3 Bg7 4.Bb2 O-O 5.g3 d6 6.d4 c5 7.Bg2 Nc6 8.O-O cxd4 
9.Nxd4 Bd7 10.Nc3 Qb6 11.Na4 Qc7 12.e4 Nxd4 13.Bxd4 Bxa4 14.bxa4 Nd7 15.
Rb1 Bxd4 16.Qxd4 Nc5 17.Rb4 Rac8 18.Rfb1 b6 19.Bh3 e6 20.Rd1 Rfd8 21.Rdb1 
Na6 22.R4b2 Qxc4 23.Qxc4 Rxc4 24.a5 Rxe4 25.axb6 axb6 26.Rxb6 Ra4 27.Bf1 
Nc5 28.R1b2 Rd4 29.R6b4 Rxb4 30.Rxb4 Ra8 31.Bc4 d5 32.Bb3 Nxb3 33.axb3 Ra2
34.Kg2 Kg7 35.Kf3 Kf6 36.Rf4+ Ke7 37.Rb4 h5 38.h4 Kf6 39.Rf4+ Ke7 40.Rb4 
Rb2 41.Ke3 Kd6 42.Rb7 Ke5 43.f4+ Kf6 44.Kf3 Rc2 45.b4 Rc3+ 46.Kf2 d4 47.b5
Rb3 48.b6 e5 49.fxe5+ Kxe5 50.Rxf7 Rxb6 51.Rd7 Rd6 52.Re7+ Kf5 53.Kf3 d3 
54.Re1 d2 55.Rd1 Rd3+ 56.Ke2 Ke4 57.Kf2 Rf3+ 58.Ke2 Rd3 59.Kf2 Rd5 60.Ke2 
Rd6 61.Kf2 Kd3 62.Ra1 Rf6+ 63.Kg2 Ke2 64.Ra2 Ke1 0-1

[Event "XXIV Festival Conca della Presolana A"]
[Site "Bratto - Castione della Presolana ITA"]
[Date "2004.08.28"]
[Round "9"]
[White "Navarro, Stefano"]
[Black "Karr, Jean-Philippe"]
[Result "0-1"]
[WhiteElo "2117"]
[BlackElo "2370"]
[PlyCount "60"]
[EventDate "2004.08.20"]

1.e4 c5 2.Nf3 Nc6 3.d4 cxd4 4.Nxd4 Nf6 5.Nc3 e5 6.Ndb5 d6 7.a4 a6 8.Na3 
Be6 9.Bg5 Qb6 10.Rb1 Qb4 11.Bxf6 gxf6 12.Qd3 O-O-O 13.Be2 d5 14.O-O dxe4 
15.Qxe4 Rd4 16.Qf3 f5 17.Rfd1 e4 18.Qh5 Bc5 19.Bf1 Ne5 20.Qe2 Rxd1 21.Nxd1
Rd8 22.Ne3 Qxa4 23.Ra1 Qb4 24.c3 Qb3 25.h3 Nd3 26.Nd1 Nxb2 27.Nxb2 Bxa3 
28.Nc4 Bc5 29.Na5 Qxc3 30.Ra4 Rd2 0-1

[Event "XXIV Festival Conca della Presolana A"]
[Site "Bratto - Castione della Presolana ITA"]
[Date "2004.08.28"]
[Round "9"]
[White "Nieus, Thierry"]
[Black "Bonazzi, Edoardo"]
[Result "1-0"]
[WhiteElo "2221"]
[BlackElo "2115"]
[PlyCount "49"]
[EventDate "2004.08.20"]

1.e4 c6 2.d4 d5 3.exd5 cxd5 4.c4 Nf6 5.c5 e6 6.b4 Be7 7.Nf3 O-O 8.Be2 b6 
9.a3 a5 10.Bb2 axb4 11.axb4 Rxa1 12.Bxa1 bxc5 13.dxc5 Na6 14.Qa4 Nc7 15.
O-O Ne4 16.c6 Ne8 17.Nbd2 Nxd2 18.Nxd2 Qb6 19.b5 f6 20.Bd4 Bc5 21.Nb3 Bxd4
22.Qxd4 Qxd4 23.Nxd4 e5 24.Nb3 Nd6 25.Nc5 1-0

[Event "XXIV Festival Conca della Presolana A"]
[Site "Bratto - Castione della Presolana ITA"]
[Date "2004.08.28"]
[Round "9"]
[White "Passoni, Carlo"]
[Black "Bancod, Ronald"]
[Result "0-1"]
[WhiteElo "2286"]
[BlackElo "2354"]
[PlyCount "62"]
[EventDate "2004.08.20"]

1.e4 c5 2.Nf3 Nc6 3.Nc3 g6 4.d4 cxd4 5.Nxd4 Bg7 6.Be3 Nf6 7.Bc4 O-O 8.Bb3 
a5 9.O-O a4 10.Nxa4 Nxe4 11.Nb5 Ra6 12.c4 d6 13.Qe2 Nf6 14.f3 Be6 15.Rfd1 
Qb8 16.Nac3 Na5 17.Nd4 Qc8 18.Nxe6 Qxe6 19.Nd5 Nxd5 20.cxd5 Qe5 21.Rac1 
Nxb3 22.axb3 Ra2 23.Rd2 Rfa8 24.f4 Qe4 25.Rc4 Qb1+ 26.Kf2 Rxb2 27.Rxb2 
Bxb2 28.Rc7 Bf6 29.Qb5 Qe4 30.Qe2 Qxd5 31.Qc2 Kg7 0-1

[Event "XXIV Festival Conca della Presolana A"]
[Site "Bratto - Castione della Presolana ITA"]
[Date "2004.08.28"]
[Round "9"]
[White "Patelli, Alessandro"]
[Black "Bellia, Fabrizio"]
[Result "0-1"]
[WhiteElo "2211"]
[BlackElo "2409"]
[PlyCount "76"]
[EventDate "2004.08.20"]

1.Nf3 Nf6 2.c4 e6 3.d4 b6 4.g3 Ba6 5.b3 Bb4+ 6.Bd2 Be7 7.Bg2 c6 8.O-O d5 
9.Bc3 Ne4 10.Bb2 Nd7 11.Ne5 Nxe5 12.dxe5 O-O 13.Qc2 b5 14.Bxe4 dxe4 15.
Qxe4 bxc4 16.Qxc6 Qc8 17.Qxc8 Rfxc8 18.Nc3 Rab8 19.Rfb1 h5 20.Kf1 Rc6 21.
Ne4 cxb3 22.axb3 Rxb3 23.Nd6 Rcb6 24.Ra2 f6 25.f4 fxe5 26.fxe5 Bg5 27.Rba1
Bxe2+ 28.Kxe2 Rxb2+ 29.Kd3 R2b3+ 30.Kc2 Re3 31.Rxa7 Rxe5 32.Ra8+ Kh7 33.
Rh8+ Kg6 34.Nc4 Rc6 35.Kb3 Rb5+ 36.Ka4 Rbc5 37.Na3 Ra6+ 38.Kb3 Bf6 0-1

[Event "XXIV Festival Conca della Presolana A"]
[Site "Bratto - Castione della Presolana ITA"]
[Date "2004.08.28"]
[Round "9"]
[White "Pechy, Alaster"]
[Black "Sbarra, Marco"]
[Result "1/2-1/2"]
[WhiteElo "2138"]
[BlackElo "2228"]
[PlyCount "74"]
[EventDate "2004.08.20"]

1.d4 d5 2.c4 e6 3.Nc3 c5 4.cxd5 exd5 5.dxc5 d4 6.Na4 b5 7.cxb6 axb6 8.b3 
b5 9.Nb2 Nc6 10.Nf3 Bf5 11.Nd3 Nf6 12.e3 Ne4 13.Be2 Nc3 14.Qd2 Nxe2 15.
Qxe2 Be7 16.Nxd4 Nxd4 17.exd4 Qxd4 18.Nb2 O-O 19.O-O Bf6 20.Qxb5 g6 21.Rd1
Qc3 22.h3 Rfb8 23.Qe2 Re8 24.Qf1 Bc2 25.Rd2 Rad8 26.Na4 Qxa1 27.Rxc2 Rc8 
28.Nc5 Bc3 29.Be3 Qxf1+ 30.Kxf1 Bb4 31.Rc4 Ba3 32.Nd3 Rcd8 33.Ke2 f5 34.g3
Rd7 35.Nc5 Rc7 36.Nd3 Rd7 37.Nc5 Rc7 1/2-1/2

[Event "XXIV Festival Conca della Presolana A"]
[Site "Bratto - Castione della Presolana ITA"]
[Date "2004.08.28"]
[Round "9"]
[White "Piscopo, Pierluigi"]
[Black "Piantoni, Roberto"]
[Result "1-0"]
[WhiteElo "2367"]
[BlackElo "2124"]
[PlyCount "91"]
[EventDate "2004.08.20"]

1.e4 c6 2.d4 d5 3.e5 c5 4.c4 cxd4 5.Nf3 Nc6 6.Nxd4 dxc4 7.Nxc6 Qxd1+ 8.
Kxd1 bxc6 9.Bxc4 Bf5 10.Be3 e6 11.Nd2 Ne7 12.Rc1 Ng6 13.f4 Bb4 14.Nf3 O-O 
15.Ke2 Be4 16.g3 Rfd8 17.Rhd1 Rxd1 18.Rxd1 Bd5 19.Bxd5 cxd5 20.Rc1 Bf8 21.
Rc7 Rb8 22.Bd4 a5 23.Bc3 Bb4 24.Kd3 h5 25.Nd4 h4 26.Nc6 hxg3 27.hxg3 Rb5 
28.a4 Rb6 29.Bd4 Ra6 30.Nxb4 axb4 31.Ra7 Rc6 32.Ra8+ Kh7 33.Ra7 Kg8 34.a5 
Rc1 35.Kd2 Rc4 36.Bb6 f6 37.exf6 gxf6 38.Rc7 Rxc7 39.Bxc7 Ne7 40.a6 Nc8 
41.b3 Kf7 42.Ba5 Ke8 43.Bxb4 Kd7 44.Bc5 Kc6 45.b4 f5 46.Kc3 1-0

[Event "XXIV Festival Conca della Presolana A"]
[Site "Bratto - Castione della Presolana ITA"]
[Date "2004.08.28"]
[Round "9"]
[White "Poropat, Marijan"]
[Black "Podini, Francesco"]
[Result "1-0"]
[WhiteElo "2126"]
[BlackElo "2074"]
[PlyCount "63"]
[EventDate "2004.08.20"]

1.Nf3 e6 2.c4 f5 3.b3 Nf6 4.Bb2 c6 5.g3 d5 6.Bg2 Bd6 7.O-O Qe7 8.d4 b6 9.
Nbd2 Bb7 10.Ne5 O-O 11.Rc1 a5 12.f3 c5 13.e3 Na6 14.Re1 Nd7 15.e4 Bxe5 16.
dxe5 fxe4 17.cxd5 exd5 18.fxe4 d4 19.Nc4 Nb4 20.Ba3 Nxa2 21.Ra1 Nb4 22.
Bxb4 axb4 23.Rxa8 Rxa8 24.Bh3 Nxe5 25.Nxb6 Rd8 26.Bg2 Qg5 27.Nd5 Ng4 28.h4
Qh5 29.Bf3 Qe5 30.Bxg4 Qxg3+ 31.Kh1 Rxd5 32.Be6+ 1-0

[Event "XXIV Festival Conca della Presolana A"]
[Site "Bratto - Castione della Presolana ITA"]
[Date "2004.08.28"]
[Round "9"]
[White "Radice, Luca"]
[Black "Valenti, Giuseppe"]
[Result "0-1"]
[WhiteElo "2085"]
[BlackElo "2288"]
[PlyCount "56"]
[EventDate "2004.08.20"]

1.d4 Nf6 2.c4 e6 3.Nc3 Bb4 4.Qb3 Qe7 5.Nf3 b6 6.Bg5 Bb7 7.e3 h6 8.Bxf6 
Bxc3+ 9.Qxc3 Qxf6 10.Be2 d6 11.O-O Nd7 12.Rfd1 O-O 13.Rac1 a5 14.Ne1 e5 
15.dxe5 Nxe5 16.Nd3 Qg5 17.Ne1 Qg6 18.Qd4 Rfe8 19.Qf4 Re6 20.Qg3 Qf5 21.
Rd4 Rg6 22.Rf4 Qe6 23.Qh4 Rg5 24.Bh5 Rf8 25.Rd1 Nxc4 26.b3 Ne5 27.Nf3 Bxf3
28.Bxf3 Ng6 0-1

[Event "XXIV Festival Conca della Presolana A"]
[Site "Bratto - Castione della Presolana ITA"]
[Date "2004.08.28"]
[Round "9"]
[White "Ranola, Yves"]
[Black "Lucaroni, Massimiliano"]
[Result "1-0"]
[WhiteElo "2410"]
[BlackElo "2305"]
[PlyCount "46"]
[EventDate "2004.08.20"]

1.c4 e6 2.g3 f5 3.Bg2 Nf6 4.Nf3 Be7 5.Nc3 O-O 6.d3 d6 7.O-O Qe8 8.e4 fxe4 
9.dxe4 e5 10.h3 c5 11.Bg5 Qd8 12.Bxf6 Rxf6 13.Ng5 g6 14.f4 Nc6 15.f5 Nd4 
16.g4 Rf8 17.Nf3 Bg5 18.Nd5 Bd7 19.b4 Bc6 20.bxc5 Bxd5 21.exd5 dxc5 22.Rb1
b6 23.Qd3 Qd6 1-0

[Event "XXIV Festival Conca della Presolana A"]
[Site "Bratto - Castione della Presolana ITA"]
[Date "2004.08.28"]
[Round "9"]
[White "Sardo, Gabriele"]
[Black "Rosin, Federico"]
[Result "1/2-1/2"]
[WhiteElo "2202"]
[BlackElo "2124"]
[PlyCount "128"]
[EventDate "2004.08.20"]

1.c4 e6 2.Nc3 d5 3.d4 c5 4.cxd5 exd5 5.Nf3 Nc6 6.g3 Nf6 7.Bg2 Be7 8.O-O 
O-O 9.Bg5 c4 10.Re1 Be6 11.Ne5 Qb6 12.Bxf6 Bxf6 13.Nxd5 Bxd5 14.Nd7 Qxd4 
15.Nxf6+ Qxf6 16.Qxd5 Rac8 17.Bh3 Rc7 18.Qxc4 Qxb2 19.Rab1 Qe5 20.Rec1 Re7
21.e3 Na5 22.Qc3 Qxc3 23.Rxc3 g6 24.Rbc1 b6 25.Rc7 Rfe8 26.Kg2 Nb7 27.a4 
Kg7 28.R1c6 Na5 29.Rc3 Kf6 30.Bd7 Ra8 31.Bg4 h5 32.Bf3 Rd8 33.Rxe7 Kxe7 
34.Rc7+ Rd7 35.Rxd7+ Kxd7 36.Bd5 Ke7 37.h4 a6 38.Kf3 b5 39.axb5 axb5 40.
Ke4 b4 41.Kd4 f5 42.e4 fxe4 43.Bxe4 Kf6 44.Kc5 Nb3+ 45.Kxb4 Nd4 46.Kc4 Ne6
47.Kd5 Ng7 48.Kd4 Ne6+ 49.Ke3 Ng7 50.Kf3 Ne6 51.g4 hxg4+ 52.Kxg4 Ng7 53.
Bc6 Ne6 54.Be8 Ng7 55.Bd7 Nh5 56.Kf3 Ng7 57.Ke4 Nh5 58.Bg4 Ng7 59.Ke3 Ke7 
60.Ke4 Kf6 61.Bd7 Nh5 62.Kf3 Ke7 63.Bc6 Kf6 64.Kg4 Ng7 1/2-1/2

[Event "XXIV Festival Conca della Presolana A"]
[Site "Bratto - Castione della Presolana ITA"]
[Date "2004.08.28"]
[Round "9"]
[White "Sax, Gyula"]
[Black "Castaldo, Folco"]
[Result "1-0"]
[WhiteElo "2535"]
[BlackElo "2318"]
[PlyCount "75"]
[EventDate "2004.08.20"]

1.e4 d6 2.d4 Nf6 3.Nc3 g6 4.f4 Bg7 5.Nf3 c5 6.dxc5 Qa5 7.Bd3 Qxc5 8.Qe2 
Nc6 9.Be3 Qa5 10.O-O Bg4 11.Qe1 Bxf3 12.Rxf3 O-O 13.Kh1 Rfe8 14.Bd2 e6 15.
Rh3 Qd8 16.Rd1 a6 17.Be3 Nb4 18.Qh4 Nxd3 19.cxd3 h5 20.Qe1 Ng4 21.Bg1 Rc8 
22.Rf3 Qa5 23.d4 d5 24.e5 Qb6 25.f5 exf5 26.Nxd5 Qxb2 27.h3 Nf6 28.Nxf6+ 
Bxf6 29.Rb3 Qxa2 30.Rxb7 Qd5 31.Rb6 Rc2 32.Qg3 Bxe5 33.Rxg6+ fxg6 34.Qxg6+
Bg7 35.Qxe8+ Kh7 36.Qxh5+ Kg8 37.Qg5 Kf7 38.Rf1 1-0

[Event "XXIV Festival Conca della Presolana A"]
[Site "Bratto - Castione della Presolana ITA"]
[Date "2004.08.28"]
[Round "9"]
[White "Scacco, Mauro"]
[Black "Turci, Alberto"]
[Result "1/2-1/2"]
[WhiteElo "2117"]
[BlackElo "2023"]
[PlyCount "118"]
[EventDate "2004.08.20"]

1.e4 Nf6 2.e5 Nd5 3.d4 d6 4.Nf3 Bg4 5.Be2 c6 6.O-O Bxf3 7.Bxf3 dxe5 8.dxe5
e6 9.c4 Ne7 10.Qe2 Nd7 11.Bd2 Qc7 12.Bc3 Ng6 13.Re1 Be7 14.Nd2 O-O-O 15.b4
Nh4 16.Be4 Nxe5 17.g3 Nhg6 18.f4 Nd7 19.f5 exf5 20.Bxf5 Rhe8 21.Qf2 Kb8 
22.Bxg6 fxg6 23.Qf7 Nf6 24.Kh1 Bd6 25.Qxc7+ Bxc7 26.Nf3 Rxe1+ 27.Rxe1 Re8 
28.Rxe8+ Nxe8 29.Ng5 Bd8 30.Be5+ Kc8 31.Nxh7 Bf6 32.Nxf6 gxf6 33.Bd4 a6 
34.Kg2 Kd7 35.Kf3 Ke6 36.Ke4 Nd6+ 37.Kd3 b5 38.cxb5 axb5 39.Be3 f5 40.Kd4 
Ne4 41.Bf4 g5 42.Bb8 g4 43.Bf4 Nf6 44.Kc5 Kd7 45.Kd4 Ke6 46.Bh6 Ne4 47.Ke3
Nc3 48.Kd3 Nxa2 49.Bd2 Kd5 50.Ke3 Kc4 51.Kf4 Nxb4 52.Kxf5 Nd5 53.Kxg4 b4 
54.h4 b3 55.Bc1 Kc3 56.h5 Nf6+ 57.Kg5 Nxh5 58.Kxh5 b2 59.Bxb2+ Kxb2 
1/2-1/2

[Event "XXIV Festival Conca della Presolana A"]
[Site "Bratto - Castione della Presolana ITA"]
[Date "2004.08.28"]
[Round "9"]
[White "Shytaj, Carlo"]
[Black "Maccagno, Giancarlo"]
[Result "1-0"]
[WhiteElo "2214"]
[BlackElo "2099"]
[PlyCount "121"]
[EventDate "2004.08.20"]

1.e4 c6 2.d3 g6 3.g3 Bg7 4.Bg2 d6 5.c3 Nf6 6.Ne2 O-O 7.O-O e5 8.h3 Be6 9.
f4 Qb6+ 10.Kh2 Nbd7 11.Nd2 Qa6 12.Qc2 Nc5 13.c4 b5 14.f5 Bd7 15.g4 g5 16.
b3 Rac8 17.Nf3 h6 18.Be3 bxc4 19.bxc4 Qa3 20.Nc3 Rb8 21.Rab1 Rfe8 22.Nd2 
a5 23.Rxb8 Rxb8 24.Rb1 Rxb1 25.Ndxb1 Qb4 26.a3 Qb3 27.Qxb3 Nxb3 28.Bb6 Bf8
29.Bf3 c5 30.Bd1 Nc1 31.Bc2 a4 32.Nxa4 Nxd3 33.Bxd3 Bxa4 34.Nc3 Bc6 35.a4 
Be7 36.a5 Kf8 37.Nd5 Nd7 38.Bc7 Bb7 39.f6 Nxf6 40.Nxf6 Bxf6 41.Bxd6+ Be7 
42.Bxe5 f6 43.Bc3 Bd6+ 44.Kg2 Be5 45.Be1 Ke7 46.Kf3 Ba6 47.Ke2 Kd6 48.Kd2 
Kc6 49.Be2 Kd6 50.Kd3 Bb7 51.Bd1 Bc6 52.a6 Kd7 53.Ba5 Bc7 54.a7 Kc8 55.
Bxc7 Kxc7 56.Ba4 Ba8 57.Be8 Kb6 58.Bf7 Kxa7 59.Bd5 Bb7 60.Bxb7 Kxb7 61.e5 
1-0

[Event "XXIV Festival Conca della Presolana A"]
[Site "Bratto - Castione della Presolana ITA"]
[Date "2004.08.28"]
[Round "9"]
[White "Temi, Walter"]
[Black "Ticozzi, Stefano"]
[Result "1/2-1/2"]
[WhiteElo "2101"]
[BlackElo "2079"]
[PlyCount "44"]
[EventDate "2004.08.20"]

1.e4 c5 2.Nf3 Nc6 3.Bc4 d6 4.d4 cxd4 5.Nxd4 Nf6 6.Nc3 Qb6 7.Nxc6 bxc6 8.
O-O g6 9.Bb3 Bg7 10.Be3 Qc7 11.h3 O-O 12.Qd2 Ba6 13.Rfe1 Nd7 14.Bh6 Nc5 
15.Bxg7 Kxg7 16.f4 e5 17.Qf2 exf4 18.e5 Nxb3 19.axb3 Bc8 20.exd6 Qxd6 21.
Rad1 Qc7 22.Qd4+ f6 1/2-1/2

[Event "XXIV Festival Conca della Presolana A"]
[Site "Bratto - Castione della Presolana ITA"]
[Date "2004.08.28"]
[Round "9"]
[White "Vezzosi, Paolo"]
[Black "Khenkin, Igor"]
[Result "1/2-1/2"]
[WhiteElo "2350"]
[BlackElo "2573"]
[PlyCount "89"]
[EventDate "2004.08.20"]

1.d4 d5 2.c4 e6 3.Nc3 c6 4.Nf3 dxc4 5.a4 Bb4 6.e3 b5 7.Bd2 a5 8.axb5 Bxc3 
9.Bxc3 cxb5 10.b3 Bb7 11.bxc4 b4 12.Bb2 Nf6 13.Bd3 Nbd7 14.O-O O-O 15.c5 
Bc6 16.Bc2 Qc7 17.Re1 Ne4 18.Nd2 Nxd2 19.Qxd2 Rfd8 20.e4 Nf8 21.Re3 Ng6 
22.Qe1 Qb7 23.h4 a4 24.h5 Nf4 25.d5 exd5 26.exd5 Rxd5 27.Re7 Qc8 28.Be4 
Rd7 29.Rxd7 Qxd7 30.Qxb4 Qg4 31.Re1 f5 32.Qc4+ Kf8 33.Bxg7+ Kxg7 34.Qc3+ 
Kh6 35.Qf6+ Kxh5 36.Bxc6 Rg8 37.Qf7+ Kh6 38.Re5 Nh3+ 39.Kh2 Nxf2 40.Re6+ 
Rg6 41.Qf8+ Kg5 42.Qd8+ Kh6 43.Qd2+ Qg5 44.Rxg6+ hxg6 45.Qxf2 1/2-1/2

[Event "XXIV Festival Conca della Presolana A"]
[Site "Bratto - Castione della Presolana ITA"]
[Date "2004.08.28"]
[Round "9"]
[White "Zanellato, Lorenzo"]
[Black "De Vita, Igor"]
[Result "0-1"]
[WhiteElo "2086"]
[BlackElo "2156"]
[PlyCount "68"]
[EventDate "2004.08.20"]

1.d4 e6 2.c4 f5 3.Nc3 Nf6 4.e3 b6 5.Qc2 Bb7 6.f3 Bb4 7.Bd3 O-O 8.Bd2 d6 9.
Nge2 Nbd7 10.a3 Bxc3 11.Bxc3 Qe7 12.b4 g6 13.Qb3 e5 14.c5+ Kg7 15.cxd6 
cxd6 16.O-O Bd5 17.Qd1 e4 18.fxe4 Bxe4 19.d5 Kg8 20.Nf4 Rfc8 21.Bb2 Ne5 
22.Bxe4 Nxe4 23.Qd4 Rc4 24.Qd1 Rac8 25.Nd3 Nc3 26.Qd2 Nxd3 27.Qxd3 Qe4 28.
Qxe4 Rxe4 29.Rfe1 Nxd5 30.Rad1 Nxe3 31.Rxd6 Nc4 32.Red1 Nxb2 33.R1d5 Re7 
34.Rd2 Nc4 0-1

[Event "XXIV Festival Conca della Presolana A"]
[Site "Bratto - Castione della Presolana ITA"]
[Date "2004.08.28"]
[Round "9"]
[White "Zimina, Olga"]
[Black "Bernard, Jacques"]
[Result "0-1"]
[WhiteElo "2430"]
[BlackElo "2222"]
[PlyCount "126"]
[EventDate "2004.08.20"]

1.e4 c5 2.Ne2 Nc6 3.Nbc3 e6 4.d4 cxd4 5.Nxd4 a6 6.Be2 Qc7 7.Be3 Nf6 8.O-O 
b5 9.a3 Bb7 10.Kh1 Ne5 11.f3 Nc4 12.Bxc4 Qxc4 13.Nb3 Qc7 14.Bd4 Be7 15.Qd2
O-O 16.Rad1 d6 17.Qf2 Nd7 18.Qg3 g6 19.f4 Bf6 20.Bxf6 Nxf6 21.f5 Nxe4 22.
Nxe4 Bxe4 23.f6 Kh8 24.Nd4 e5 25.Nf5 Bxf5 26.Rxf5 Qxc2 27.Rdf1 Rac8 28.Rh5
Qe2 29.Rhf5 Rc4 30.h3 Rfc8 31.Qg5 Qh5 32.Qxh5 gxh5 33.Rxh5 Rc1 34.Rf5 R8c2
35.Kh2 Rxf1 36.Rxf1 h6 37.Rd1 Rc6 38.h4 h5 39.g4 hxg4 40.Kg3 Kh7 41.Kxg4 
Kg6 42.h5+ Kxf6 43.Rf1+ Kg7 44.Kf5 Rc4 45.Rg1+ Kh6 46.Kf6 Rf4+ 47.Ke7 e4 
48.Kxd6 f5 49.Ke5 Rf3 50.Rg6+ Kxh5 51.Rxa6 e3 52.Kd4 f4 53.Re6 Rf2 54.Re5+
Kg4 55.Rxb5 e2 56.Re5 f3 57.Kd3 Rf1 58.Rxe2 fxe2 59.Kxe2 Rb1 60.Kd3 Rxb2 
61.Kc4 Kf5 62.a4 Ke6 63.Kc3 Rb1 0-1

[Event "XXIV Festival Conca della Presolana A"]
[Site "Bratto - Castione della Presolana ITA"]
[Date "2004.08.28"]
[Round "9"]
[White "Zoldan, Matteo"]
[Black "Lapiccirella, Mattia"]
[Result "0-1"]
[WhiteElo "2103"]
[BlackElo "2233"]
[PlyCount "84"]
[EventDate "2004.08.20"]

1.c4 Nf6 2.Nc3 c5 3.e4 d6 4.g3 e6 5.Bg2 Be7 6.Nge2 O-O 7.O-O a6 8.d4 cxd4 
9.Nxd4 Qc7 10.Qe2 Nc6 11.Nxc6 bxc6 12.Re1 e5 13.b3 a5 14.Ba3 Ba6 15.Rac1 
Rfd8 16.Red1 Ne8 17.Qe3 h6 18.Rc2 Nf6 19.Rcd2 Rab8 20.c5 dxc5 21.Bxc5 Rxd2
22.Rxd2 Ng4 23.Qf3 Nxh2 24.Kxh2 Bxc5 25.Bh3 Rd8 26.Qd1 Rxd2 27.Qxd2 Bb4 
28.Qe3 Qd6 29.Bg4 Bc5 30.Qe1 Bb4 31.Qe3 Bc5 32.Qe1 Qd4 33.Nd1 Bd3 34.Qxa5 
Bxe4 35.Qc3 Qd6 36.Be2 Bd4 37.Qd2 Qe6 38.Kg1 Qf5 39.g4 Qf6 40.Ne3 Qh4 41.
f3 Qg3+ 42.Kf1 Bxf3 0-1

[Event "XV C.to NATO"]
[Site "L'Aja NED"]
[Date "2004.08.09"]
[Round "1"]
[White "Nielsen, Rene Ole"]
[Black "Crapulli, Giuseppe"]
[Result "1/2-1/2"]
[WhiteElo "2202"]
[BlackElo "1970"]
[PlyCount "72"]
[EventDate "2004.08.09"]

1. e4 c5 2. c3 Nf6 3. e5 Nd5 4. d4 cxd4 5. Nf3 Nc6 6. Bc4 Nb6 7. Bb3 d5 8. exd6
Qxd6 9. O-O Bf5 10. cxd4 Bxb1 11. Rxb1 e6 12. Be3 Be7 13. Nd2 Nd5 14. Ne4 Qd8
15. Qh5 O-O 16. Rfd1 Re8 17. Bg5 Nf6 18. Bxf6 Bxf6 19. d5 exd5 20. Bxd5 Qe7 21.
Qf5 Rad8 22. Nxf6+ Qxf6 23. Qxf6 gxf6 24. Bxc6 bxc6 25. Kf1 Kg7 26. Rbc1 Rxd1+
27. Rxd1 Re5 28. Rd7 a5 29. Ra7 Rc5 30. g3 Rc1+ 31. Ke2 Rc2+ 32. Ke3 Rxb2 33.
Rxa5 c5 34. h4 f5 35. f3 Kg6 36. Ra8 Kf6 1/2-1/2

[Event "XV C.to NATO"]
[Site "L'Aja NED"]
[Date "2004.08.09"]
[Round "1"]
[White "Van den Heuvel, Tonnie"]
[Black "Falbo, Sandro"]
[Result "0-1"]
[WhiteElo "1962"]
[BlackElo "2204"]
[PlyCount "114"]
[EventDate "2004.08.09"]

1. e4 d6 2. d4 Nf6 3. Nc3 g6 4. Nf3 Bg7 5. Be2 O-O 6. O-O Bg4 7. Be3 Nc6 8. d5
Bxf3 9. Bxf3 Ne5 10. Be2 c6 11. f4 Ned7 12. dxc6 bxc6 13. Qd3 Qa5 14. a3 Rab8
15. b4 Qc7 16. Rab1 Rfc8 17. Na4 a5 18. c4 axb4 19. axb4 Ra8 20. Nc3 Ra3 21.
Qd2 Rca8 22. Rfc1 Nb6 23. Rc2 Nfd7 24. g3 Na4 25. Nd1 c5 26. b5 Nab6 27. Nc3
Qa7 28. Nd1 Qa4 29. Kg2 Qa7 30. Nc3 Qa5 31. Nd1 Qa7 32. Nc3 Qa5 33. Nd1 Qxd2
34. Bxd2 Ra2 35. Rbc1 Bd4 36. Bc3 e5 37. Bb2 R8a4 38. Bxd4 cxd4 39. fxe5 Nxe5
40. Nf2 R4a3 41. Rxa2 Rxa2 42. Kf1 Na4 43. Nd3 Nxd3 44. Bxd3 Nc5 45. Rd1 Rxh2
46. Kg1 Rb2 47. Bf1 Kf8 48. Rxd4 Ke7 49. Bg2 f6 50. Rd1 Rb4 51. Rc1 Nd3 52. Rc3
Rb1+ 53. Bf1 Nc5 54. Re3 Ke6 55. Kf2 Ke5 56. Bd3 Rb3 57. Ke2 Kd4 0-1